| 000 | 01413nam a22001937a 4500 | ||
|---|---|---|---|
| 005 | 20260107090112.0 | ||
| 008 | 260107b |||||||| |||| 00| 0 eng d | ||
| 020 |
_a9780495813910 _qhbk |
||
| 041 | _aeng | ||
| 082 |
_a301 _bKEN |
||
| 100 | _aKendall, Diana | ||
| 245 |
_aSociology in Our Times _cDiana Kendall |
||
| 260 |
_aUnited Kingdom _bWadsworth Publishing _c2010 |
||
| 300 |
_a741 p. _c29 cm. |
||
| 504 | _aBib and Ref | ||
| 520 | _aThis best-selling comprehensive book conveys the relevance of sociology by including a timely collection of theories, research, and examples, including its signature first-person accounts that open chapters. Experiences represented in the chapter openers accurately mirror the richness and complexity of society itself while also establishing the themes that are carried throughout the chapters. The author's vivid, inviting writing style, emphasis on applications, eye for the most compelling current examples, and use of assignable photo-essays and companion video engages readers and further highlights sociology relevance to all students. Kendall's text is acclaimed in the field for being the first textbook to integrate race, class, and gender issues, and for its thorough presentation of sociological theory, including contemporary perspectives such as feminism and postmodernism. | ||
| 650 | _aSocial Inequality; Social Change; Soial groups | ||
| 942 | _cENGLISH | ||
| 999 |
_c607398 _d607398 |
||